|
|
|
|
| LEADER |
00000nab a2200000 a 4500 |
| 001 |
vtls008418515 |
| 003 |
SK-MaSNL |
| 005 |
20260303070047.0 |
| 008 |
051214c20051208xo mr| 0 0slo |
| 038 |
|
|
|a RVGKPD
|
| 040 |
|
|
|a RVGKPD
|b slo
|c RVGKPD
|e AACR2
|
| 041 |
0 |
|
|a slo
|
| 044 |
|
|
|a xo
|c SK
|
| 080 |
|
|
|a 796.323.2
|2 UDC-MRF-SK2
|
| 100 |
1 |
|
|a Podolinský, Peter,
|d 1974-
|4 aut
|9 872876
|
| 245 |
1 |
0 |
|a Rožňavčanky sa prebudili až po prvej štvrtine
|c Peter Podolinský
|
| 610 |
2 |
7 |
|a Basketbalový klub SBD Juh (Rožňava, Slovensko)
|2 rvgkpd
|9 872877
|
| 650 |
0 |
7 |
|a basketbal
|2 rvgkpd
|9 3290
|
| 651 |
|
7 |
|a Rožňava (Slovensko)
|2 rvgkpd
|9 17394
|
| 773 |
0 |
|
|t Korzár : Gemerský denník
|g Roč. VII, č. 283 (8.12.2005), s. 11
|x 1335-7581
|
| 852 |
|
|
|a RVGKPD
|b KIS3G
|
| 992 |
|
|
|a RBX
|
| 999 |
|
|
|c 1753743
|d 1755673
|